000 00302nam a22001337a 4500
008 170822b xxu||||| |||| 00| 0 eng d
020 _a9780691085593
041 _aeng
080 _a51
100 _a38
101 _aMAT
245 _aGRADUCATE TEXYS IN MATHEMATICS
_cKENDIMG.K
942 _2udc
_cBK
999 _c24574
_d24574